000 01192nam a22002657a 4500
999 _c65741
_d65741
005 20240530110841.0
008 200912s2019 ua a g b 000 0dara d
017 _a2019/17720
_bمصر. دار الكتب
020 _a9789779124537
040 _aEG-CaGPL
_cEG-CaGPL
082 0 4 _221
_a962.03
_bق/م م
100 0 _aمحمد صبرى الدالى
245 0 0 _aمقاربات جديدة فى تاريخ مصر الحديث :
_bالدين والثقافة والمجتمع والاقتصاد والسياسة /
_cمحمد صبرى الدالى
250 _aط.1
260 _aالقاهرة :
_bالهيئة المصرية العامة للكتاب،
_c2019
300 _a310 ص. ؛
_c24 سم.
490 0 _aتاريخ المصريين ؛
_v332
650 _2qrmak
651 0 7 _2qrmak
_aمصر
_xتاريخ
_yالعصر الحديث
651 0 7 _aمصر
_xالاحوال الاقتصادية
_yالعصر الحديث
_2qrmak
651 0 7 _aمصر
_xالاحوال الاجتماعية
_yالعصر الحديث
_2qrmak
651 0 7 _aمصر
_xالاحوال السياسية
_yالعصر الحديث
_2qrmak
942 _2ddc
_cBK